000 00472nam a2200181Ia 4500
005 20250508150900.0
008 008 250505s9999 xx 000 0 eng d
037 _aTextual
040 _aFEDL
_beng
_cFEDL
041 _aeng
_2eng
084 _a916, FIT
_qFEDL
100 _aFitzgerald Walter
245 0 _aAfrica
260 _aLondon, UK
_bMethuen and Company Limited
_c1950
300 _a507p.
942 _cTEXL
_h916, FIT
999 _c1326292
_d1326292